NFL KICKERS (2020) - Statistics

General Stats
  • This quiz has been taken 95 times
  • The average score is 14 of 32
Answer Stats
Team Answer % Correct
Ravens Justin Tucker
82%
49ers Robbie Gould
80%
Chiefs Harrison Butker
75%
Packers Mason Crosby
70%
Lions Matt Prater
64%
Falcons Younghoe Koo
64%
Cowboys Greg Zuerlein
59%
Steelers Chris Boswell
58%
Raiders Daniel Carlson
57%
Patriots Nick Folk
57%
Saints Wil Lutz
53%
Giants Graham Gano
52%
Colts Rodrigo Blankenship
52%
Buccaneers Ryan Succop
47%
Bills Tyler Bass
47%
Broncos Brandon McManus
43%
Dolphins Jason Sanders
41%
Seahawks Jason Meyers
37%
Titans Stephen Gostkowski
34%
Bengals Randy Bullock
33%
Cardinals Zane Gonzalez
33%
Washington Dustin Hopkins
31%
Browns Cody Parkey
30%
Panthers Joey Slye
29%
Vikings Dan Bailey
27%
Texans Ka'imi Fairbairn
27%
Bears Cario Santos
25%
Chargers Micheal Badgley
24%
Eagles Jake Eliott
18%
Jets Sam Ficken
12%
Rams Sam Sloman
11%
Jaguars Chase McLaughlin
5%
No matching quizzes found
Score Distribution
Percent of People with Each Score
Percentile by Number Answered
Your Score History
You have not taken this quiz